MARC

LEADER 00000nam0a2200000 4500
001 373427
005 20231102012550.0
035 |a (RuTPU)RU\TPU\retro\30856 
035 |a RU\TPU\book\309134 
090 |a 373427 
100 |a 20221216d1970 m y0rusy50 ca 
101 0 |a rus 
102 |a RU 
105 |a a z 000zy 
200 1 |a Улыбка Светлова  |e альбом  |f И. И. Игин, М. А. Светлов  |g под ред. Р. Онуфриевой 
205 |a 2-е изд. 
210 |a Ленинград  |c Аврора  |d 1970 
215 |a 50 с.  |c ил. 
330 |a Эпиграммы Михаила Аркадьевича Светлова. Рассказы, рисунки и макет Иосифа Ильича Игина. 
600 1 |a Светлов  |b М. А.  |f 1903-1964  |g Михаил Аркадьевич  |c настоящая фамилия Шейнкман  |c русский поэт  |c драматург  |2 stltpush  |3 (RuTPU)RU\TPU\pers\14701 
606 1 |a Русская литература современная  |2 stltpush  |3 (RuTPU)RU\TPU\subj\26373  |9 50316 
610 1 |a художественная литература 
610 1 |a эпиграммы 
610 1 |a зарисовки 
610 1 |a шаржи 
610 1 |a советская литература 
610 1 |a поэты 
610 1 |a писатели 
610 1 |a альбомы 
610 1 |a рассказы 
675 |a Р2  |v 3 
700 1 |a Игин  |b И. И.  |g Иосиф Ильич  |4 070 
701 1 |a Светлов  |b М. А.  |c настоящая фамилия Шейнкман  |c русский поэт  |c драматург  |f 1903-1964  |g Михаил Аркадьевич  |2 stltpush  |3 (RuTPU)RU\TPU\pers\14701  |9 4913 
702 1 |a Онуфриева  |b Р.  |4 340 
801 1 |a RU  |b 63413507  |c 20150219 
801 2 |a RU  |b 63413507  |c 20221216  |g RCR 
942 |c BK